000 03286cam a2200349 4500500
005 20250413040632.0
041 _afre
042 _adc
100 1 0 _aGrossetête, Matthieu
_eauthor
245 0 0 _aUn genre déclassé : l’information de santé à l’épreuve de la féminisation du journalisme
260 _c2016.
500 _a80
520 _aS’appuyant sur une enquête par entretiens auprès de journalistes de télévision spécialistes des questions de santé ainsi que sur des données statistiques produites à partir des archives de l’Institut national de l’audiovisuel, cet article aborde la question des assignations de genre au sein des rédactions des grandes chaînes généralistes. Il interroge la féminisation ‘par le haut’ de la profession et ses effets sur le rapport au corps des journalistes ainsi que sur les processus de production de l’information de santé. Il montre notamment qu’en se focalisant sur la question du bien-être, le traitement journalistique de ce thème d’actualité privilégie les préoccupations corporelles des fractions féminines des groupes sociaux favorisés.
520 _aBased on interviews undertaken with television journalists specialising in health issues and on statistical data drawn from the archives of the Institut national de l’audiovisuel [National Audiovisual Institute], this article tackles the question of assigned gender roles within the editorial teams of the major general-interest channels. It examines how the profession has been feminised from above, and the effects of this on journalists’ relationships with their bodies as well as on the process by which health information is produced. It demonstrates in particular that in focusing on well-being — the hot topic of the moment — journalism privileges the bodily concerns of women from better-off social groups.
520 _aBasado en una encuesta por entrevistas a periodistas de televisión especialistas en temas de salud y en datos estadísticos producidos a partir de los archivos del Instituto Nacional del Audiovisual, este artículo plantea la cuestión de las asignaciones de género en los equipos de redacción de los principales canales de televisión generalistas. Cuestiona la feminización ‘por arriba’ de la profesión y sus efectos en la relación con el cuerpo de los periodistas, así como sobre los procesos de producción de la información de salud. Muestra en particular que al centrarse en la cuestión del bienestar, el tratamiento periodístico de este tema de actualidad favorece las preocupaciones corporales de las fracciones femeninas de grupos sociales privilegiados.
690 _aCorps
690 _aFéminisation des professions
690 _aJournalistes
690 _aJournaux télévisés
690 _aMédias
690 _aNormes
690 _aSanté (information de)
690 _aBodies
690 _aFeminisation of professions
690 _ahealth (information)
690 _aJournalists
690 _aMedia
690 _aNorms
690 _aTelevision news
786 0 _nCahiers du Genre | 61 | 2 | 2016-12-01 | p. 151-168 | 1298-6046
856 4 1 _uhttps://shs.cairn.info/revue-cahiers-du-genre-2016-2-page-151?lang=fr&redirect-ssocas=7080
999 _c1136421
_d1136421